[Event "ENHM/LTR"]
[Site "?"]
[Date "2009.03.15"]
[Round "6"]
[White "ROBERT-DEHAULT, Etienne"]
[Black "LOUIS, André"]
[Result "1-0"]
[WhiteElo "1937"]
[BlackElo "1899"]
[PlyCount "65"]
[EventDate "2009.03.16"]
[SourceDate "2009.03.19"]

1. d4 d5 2. c4 c6 3. Nc3 Nf6 4. e3 e6 5. Qc2 Be7 6. Nf3 a6 7. c5 Nbd7 8. g4 h6
9. Rg1 b5 10. g5 hxg5 11. Nxg5 Nf8 12. Nf3 g6 13. Ne5 Qc7 14. Bd3 Bd8 15. e4
N6d7 16. Bf4 Qb7 17. exd5 Nxe5 18. Bxe5 Rh7 19. dxc6 Qe7 20. Ne4 Qh4 21. c7 Be7
22. Nd6+ Bxd6 23. cxd6 Bd7 24. Be4 Rc8 25. Bb7 f6 26. Bxc8 Bxc8 27. Qc6+ Nd7
28. Rxg6 fxe5 29. Rg8+ Kf7 30. Rxc8 Kf6 31. Rf8+ Nxf8 32. c8=Q Rf7 33. Qd8+ 1-0

[Event "ENHM/LTR"]
[Site "?"]
[Date "2009.03.15"]
[Round "6"]
[White "HALFAOUI, Eddine"]
[Black "MORET, Florian"]
[Result "0-1"]
[WhiteElo "1866"]
[BlackElo "1920"]
[PlyCount "34"]
[EventDate "2009.03.16"]
[SourceDate "2009.03.19"]

1. e4 e5 2. Nf3 Nc6 3. Bc4 Bc5 4. O-O d6 5. Nc3 Nf6 6. h3 h6 7. d3 g5 8. Nxg5
hxg5 9. Bxg5 Rg8 10. h4 Nd4 11. Na4 Bg4 12. Qd2 b5 13. Nxc5 bxc4 14. Nb7 Qc8
15. Na5 Bf3 16. Nxc4 Nh7 17. Kh2 Bxg2 0-1

[Event "ENHM/LTR"]
[Site "?"]
[Date "2009.03.15"]
[Round "6"]
[White "ROUABLE, Denis"]
[Black "TRISTANT, Roger"]
[Result "0-1"]
[WhiteElo "1830"]
[BlackElo "1860"]
[PlyCount "76"]
[EventDate "2009.03.16"]
[SourceDate "2009.03.19"]

1. d4 Nf6 2. c4 g6 3. Nc3 Bg7 4. e4 d6 5. f3 O-O 6. Be3 Nc6 7. Qd2 e5 8. Nge2
a6 9. d5 Ne7 10. g4 Ne8 11. Bh6 f5 12. Bxg7 Nxg7 13. gxf5 gxf5 14. Qg5 Ng6 15.
Qxd8 Rxd8 16. Bh3 fxe4 17. Bxc8 Raxc8 18. fxe4 Rf8 19. Rg1 Rf3 20. Rg3 Rcf8 21.
Rxf3 Rxf3 22. Ng3 h5 23. Ke2 Rf4 24. Rg1 Kh7 25. Ke3 Nh4 26. Rf1 Ng2+ 27. Ke2
h4 28. Rxf4 Nxf4+ 29. Ke3 hxg3 30. hxg3 Nfh5 31. Ne2 Kg6 32. b4 Kg5 33. Kf3 Nf6
34. Nc1 Nd7 35. Nb3 b6 36. a4 Nh5 37. Nc1 Nhf6 38. Nd3 a5 0-1

[Event "ENHM/LTR"]
[Site "?"]
[Date "2009.03.15"]
[Round "6"]
[White "HACENE, Ahmed"]
[Black "TALBOT, Remi"]
[Result "1-0"]
[WhiteElo "1709"]
[BlackElo "1790"]
[PlyCount "61"]
[EventDate "2009.03.16"]
[SourceDate "2009.03.19"]

1. e4 Nf6 2. Nc3 d5 3. exd5 Nxd5 4. Nf3 Nxc3 5. bxc3 Bg4 6. Ba3 Nd7 7. d4 c6 8.
Bc4 e6 9. Bxf8 Nxf8 10. O-O Nd7 11. Re1 Bxf3 12. Qxf3 O-O 13. Rab1 Rb8 14. Bd3
Nf6 15. Qh3 g6 16. Re5 Nd5 17. Qh6 Qf6 18. Rbe1 Qg7 19. Qd2 Rfd8 20. c4 Nf6 21.
c3 b6 22. h3 Rd6 23. Be2 Ne8 24. Bf3 Nc7 25. Qb2 Qf8 26. Qa3 a6 27. c5 bxc5 28.
dxc5 Rd3 29. Bxc6 Nb5 30. Qxa6 Nxc3 31. Qxd3 1-0

[Event "ENHM/LTR"]
[Site "?"]
[Date "2009.03.15"]
[Round "6"]
[White "FISTER, Bernard"]
[Black "ROULE, Alexandre"]
[Result "1-0"]
[WhiteElo "1580"]
[BlackElo "1640"]
[PlyCount "51"]
[EventDate "2009.03.16"]
[SourceDate "2009.03.19"]

1. f4 d5 2. Nf3 Nf6 3. b4 b5 4. e3 a6 5. Bb2 e6 6. a3 Nbd7 7. Nd4 Bb7 8. Be2 c5
9. bxc5 Bxc5 10. O-O O-O 11. d3 Re8 12. Nd2 Nb6 13. N2b3 Na4 14. Nxc5 Nxb2 15.
Qc1 Qc7 16. Ncxe6 fxe6 17. Qxb2 e5 18. fxe5 Qxe5 19. Qc1 Qxe3+ 20. Qxe3 Rxe3
21. Bf3 g5 22. h3 h5 23. Rae1 Rae8 24. Rxe3 Rxe3 25. Bd1 Kg7 26. Nf5+ 1-0

[Event "ENHM/LTR"]
[Site "?"]
[Date "2009.03.15"]
[Round "6"]
[White "LOUIS, Sophie"]
[Black "PETEUIL, Camille"]
[Result "1-0"]
[WhiteElo "1500"]
[BlackElo "1210"]
[PlyCount "121"]
[EventDate "2009.03.16"]
[SourceDate "2009.03.19"]

1. e4 e5 2. Nf3 Nc6 3. Bb5 a6 4. Bxc6 dxc6 5. Nxe5 Qd4 6. Nf3 Qxe4+ 7. Qe2
Qxe2+ 8. Kxe2 Nf6 9. Re1 Be6 10. Kf1 O-O-O 11. Ng5 Rd6 12. d3 c5 13. Bf4 Rc6
14. Nd2 h6 15. Nxe6 fxe6 16. Re2 Bd6 17. Bxd6 Rxd6 18. Nc4 Rc6 19. Ne5 Rb6 20.
Nc4 Rc6 21. Rae1 Re8 22. h3 b5 23. Na5 Rb6 24. c4 b4 25. Nb3 g5 26. Nxc5 e5 27.
Rxe5 Rxe5 28. Rxe5 Rd6 29. Re6 Rxe6 30. Nxe6 Kd7 31. Nc5+ Kc6 32. Nxa6 Kb6 33.
Nxb4 c6 34. d4 h5 35. b3 Ne4 36. Ke2 Nf6 37. Ke3 g4 38. d5 c5 39. Nd3 gxh3 40.
gxh3 Nd7 41. f4 h4 42. f5 Kc7 43. Kf4 Kd8 44. Kg5 Ke7 45. a4 Kd8 46. a5 Kc8 47.
f6 Kd8 48. Kf5 Kc8 49. Ne5 Nxf6 50. Kxf6 Kb7 51. Ke7 Ka6 52. d6 Kxa5 53. d7 Kb4
54. d8=Q Kxb3 55. Qd3+ Kb4 56. Nc6+ Ka4 57. Qc2+ Ka3 58. Qb1 Ka4 59. Kd6 Ka3
60. Kxc5 Ka4 61. Qb4# 1-0

[Event "Bogny/BME"]
[Site "?"]
[Date "2008.12.07"]
[Round "3"]
[White "FLAMANT, Jacky"]
[Black "BOILLON, Vincent"]
[Result "0-1"]
[WhiteElo "1888"]
[BlackElo "2157"]
[PlyCount "70"]
[EventDate "2008.12.16"]
[SourceDate "2008.12.16"]

1. e4 e6 2. d4 d5 3. e5 c5 4. c3 Nc6 5. a3 Nge7 6. Nf3 Nf5 7. Bd3 Be7 8. O-O c4
9. Bc2 Bd7 10. Be3 g5 11. h3 h6 12. Nbd2 f6 13. exf6 Bxf6 14. Re1 O-O 15. b3
cxb3 16. Nxb3 Rc8 17. Qd3 Qe7 18. Nc5 b6 19. Nxd7 Qxd7 20. Re2 Qg7 21. Rae1 Nd6
22. Bc1 Nd8 23. a4 Rf7 24. Nd2 Rfc7 25. Bb2 Bxd4 26. Qg3 N8f7 27. cxd4 Rxc2 28.
Nf3 R2c4 29. Ra1 Qg6 30. Ne1 Ne4 31. Qe3 Nd8 32. Rc1 Rxa4 33. Rec2 b5 34. Nd3
Rcc4 35. Nc5 Rxc2 0-1

[Event "Bogny/BME"]
[Site "?"]
[Date "2008.12.07"]
[Round "3"]
[White "AUBRIET, Laurent"]
[Black "CHARBAU, Yannick"]
[Result "1-0"]
[WhiteElo "2019"]
[BlackElo "1860"]
[PlyCount "59"]
[EventDate "2008.12.16"]
[SourceDate "2008.12.16"]

1. d4 Nf6 2. c4 c5 3. d5 b5 4. cxb5 a6 5. b6 d6 6. Nc3 g6 7. Nf3 Qxb6 8. Nd2
Bg7 9. e4 Nbd7 10. Nc4 Qc7 11. Be2 O-O 12. O-O Nb6 13. Ne3 Bd7 14. a4 Rfb8 15.
f4 e6 16. a5 Nc8 17. e5 Ne8 18. dxe6 fxe6 19. exd6 Nexd6 20. Bf3 Bc6 21. Bxc6
Qxc6 22. Qe2 Ne7 23. Ng4 Ndf5 24. Ne5 Qc8 25. Na4 Nd4 26. Qc4 Nd5 27. Rd1 Rb5
28. Nc3 Rb4 29. Qa2 Nxc3 30. bxc3 1-0

[Event "Bogny/BME"]
[Site "?"]
[Date "2008.12.07"]
[Round "3"]
[White "GUYON, Cyndie"]
[Black "DELMONT, Jean-Robert"]
[Result "1/2-1/2"]
[WhiteElo "1877"]
[BlackElo "1970"]
[PlyCount "52"]
[EventDate "2008.12.16"]
[SourceDate "2008.12.16"]

1. d4 Nf6 2. Bg5 e6 3. e3 c5 4. c3 h6 5. Bxf6 Qxf6 6. Nf3 Nc6 7. Bd3 b6 8. Nbd2
Bb7 9. O-O d6 10. Qa4 Qd8 11. e4 Ke7 12. d5 Ne5 13. Nxe5 dxe5 14. Nc4 f6 15.
d6+ Kf7 16. Rad1 a6 17. Nxb6 Qxb6 18. Qd7+ Kg8 19. Qxe6+ Kh7 20. Qf5+ g6 21.
Qxf6 Bg7 22. Qe6 Rad8 23. Be2 Rhe8 24. Qf7 Rf8 25. Qe7 Rfe8 26. Qf7 Rf8 1/2-1/2

[Event "Bogny/BME"]
[Site "?"]
[Date "2008.12.07"]
[Round "3"]
[White "COLIN, Stéphanie"]
[Black "LEGHBALI, Sophiane"]
[Result "0-1"]
[WhiteElo "1844"]
[BlackElo "1874"]
[PlyCount "72"]
[EventDate "2008.12.16"]
[SourceDate "2008.12.16"]

1. d4 Nf6 2. c4 g6 3. Nc3 Bg7 4. e4 d6 5. Nf3 O-O 6. Be2 e5 7. dxe5 dxe5 8.
Nxe5 Qxd1+ 9. Bxd1 Nxe4 10. Nxe4 Bxe5 11. O-O Be6 12. Be2 Nc6 13. Nc3 Rad8 14.
Bh6 Rfe8 15. Rad1 Nd4 16. Bd3 Nf5 17. Bc1 Rxd3 18. Rxd3 Bxc4 19. Rdd1 Bxf1 20.
Rxf1 Bxc3 21. bxc3 Re2 22. Bf4 Nd6 23. f3 Rxa2 24. Rb1 b6 25. Be5 Kf8 26. Rd1
Ke7 27. Re1 Kd7 28. Bf6 Rc2 29. Re7+ Kc6 30. Be5 a5 31. Bxd6 Kxd6 32. Rxf7 a4
33. Rf4 a3 34. Rd4+ Kc5 35. Rd1 a2 36. h3 Rb2 0-1

[Event "Bogny/BME"]
[Site "?"]
[Date "2008.12.07"]
[Round "3"]
[White "ALCIDI, Valentin"]
[Black "DHAUSSY, Adrien"]
[Result "0-1"]
[WhiteElo "1864"]
[BlackElo "1890"]
[PlyCount "82"]
[EventDate "2008.12.16"]
[SourceDate "2008.12.16"]

1. d4 d5 2. c4 c6 3. Nf3 Nf6 4. Nc3 dxc4 5. a4 Bf5 6. e3 e6 7. Bxc4 Bd6 8. Qe2
Ne4 9. Nxe4 Bxe4 10. O-O Qc7 11. h3 Nd7 12. Ng5 Bd5 13. Bd3 h6 14. e4 Bb3 15.
Nf3 e5 16. Be3 O-O 17. Rfc1 Qd8 18. Qd2 f6 19. Be2 Qe7 20. Qd3 Bf7 21. Nh4 exd4
22. Bxd4 Ne5 23. Qc3 Rfd8 24. Nf5 Qc7 25. Qg3 Ng6 26. Nxd6 Qxd6 27. Qxd6 Rxd6
28. Bc5 Rd2 29. Bg4 Ne5 30. Bf5 Nd3 31. Rc3 Nxc5 32. Rxc5 Rad8 33. Rcc1 Bb3 34.
Bg6 Kf8 35. Re1 Rxb2 36. Reb1 Rdd2 37. Rxb2 Rxb2 38. a5 c5 39. Rc1 c4 40. e5 c3
41. e6 Ke7 0-1

[Event "Bogny/BME"]
[Site "?"]
[Date "2008.12.07"]
[Round "3"]
[White "CAZZARO, Dorian"]
[Black "PRIOUX, Michel"]
[Result "1/2-1/2"]
[WhiteElo "1832"]
[BlackElo "1835"]
[PlyCount "46"]
[EventDate "2008.12.16"]
[SourceDate "2008.12.17"]

1. e4 c6 2. d4 d5 3. exd5 cxd5 4. Bd3 Nf6 5. Nf3 g6 6. O-O Bg7 7. h3 O-O 8. Re1
b6 9. Bf4 Ba6 10. Nc3 Bxd3 11. Qxd3 e6 12. Rad1 Nc6 13. a3 Rc8 14. Ne5 Nd7 15.
Nxc6 Rxc6 16. Ne2 Qc8 17. c3 Nf6 18. Be5 a6 19. Kf1 b5 20. Ng1 Ne4 21. Bxg7
Kxg7 22. Nf3 Qd8 23. Nd2 Nd6 1/2-1/2

[Event "Bogny/BME"]
[Site "?"]
[Date "2008.12.07"]
[Round "3"]
[White "FOURDRIGNIER, Martin"]
[Black "GODARD, Adrien"]
[Result "1/2-1/2"]
[WhiteElo "1680"]
[BlackElo "1660"]
[PlyCount "41"]
[EventDate "2008.12.16"]
[SourceDate "2008.12.17"]

1. e4 e5 2. f4 exf4 3. Nf3 Nc6 4. d4 d6 5. Bc4 Nf6 6. Nc3 Be7 7. O-O Na5 8. Be2
d5 9. exd5 Nxd5 10. Nxd5 Qxd5 11. Bxf4 Bf5 12. Ne5 f6 13. c4 Qe4 14. Qa4+ c6
15. Qxa5 Qxd4+ 16. Kh1 fxe5 17. Qxe5 Qxe5 18. Bxe5 O-O 19. Rad1 Be6 20. b3 Rad8
21. Bf3 1/2-1/2

[Event "Bogny/BME"]
[Site "?"]
[Date "2008.12.07"]
[Round "3"]
[White "LIN, Yun"]
[Black "GAUBERT, Michel"]
[Result "1/2-1/2"]
[WhiteElo "1540"]
[BlackElo "1499"]
[PlyCount "82"]
[EventDate "2008.12.16"]
[SourceDate "2008.12.17"]

1. e4 e5 2. Nf3 Nc6 3. Bc4 Nf6 4. d4 exd4 5. Nxd4 Nxe4 6. Nxc6 dxc6 7. Qxd8+
Kxd8 8. Bxf7 b5 9. O-O Bf5 10. Rd1+ Kc8 11. c3 Bc5 12. Be3 Rd8 13. Rxd8+ Kxd8
14. Bxc5 Nxc5 15. Nd2 Kc8 16. Re1 g6 17. Re3 Kb7 18. Nb3 Kb6 19. Nxc5 Kxc5 20.
Re2 Rd8 21. Bb3 Bb1 22. Re1 Bd3 23. Rd1 Re8 24. f3 Bc4 25. Bxc4 Kxc4 26. Kf2
Re7 27. Rd4+ Kc5 28. Rd2 Kc4 29. Rd1 a5 30. Rd2 Kc5 31. Rd3 Kc4 32. Rd1 a4 33.
Rd4+ Kc5 34. b3 b4 35. Rxb4 axb3 36. axb3 Rd7 37. Rc4+ Kb5 38. Rb4+ Kc5 39.
Rc4+ Kb5 40. Rb4+ Kc5 41. Rc4+ Kb5 1/2-1/2

[Event "LTR/Epernay"]
[Site "?"]
[Date "2008.12.14"]
[Round "3"]
[White "ROBERT, Guillaume"]
[Black "LOUIS, Sophie"]
[Result "0-1"]
[WhiteElo "1310"]
[BlackElo "1560"]
[PlyCount "114"]
[EventDate "2008.??.??"]

1. d4 d5 2. Nf3 Nf6 3. c4 dxc4 4. Nc3 e6 5. Bf4 Nd5 6. Bd2 Nxc3 7. Bxc3 Nc6 8.
Qa4 Qd5 9. e4 Qxe4+ 10. Be2 e5 11. Qxc4 Be6 12. Qd3 Qxd3 13. Bxd3 exd4 14. Bd2
Rd8 15. a3 a6 16. Rc1 Bd5 17. Be2 Bd6 18. O-O O-O 19. Bg5 f6 20. Bd2 Rfe8 21.
Rfe1 Re7 22. Nh4 Rde8 23. Bf3 Rxe1+ 24. Rxe1 Rxe1+ 25. Bxe1 Bb3 26. Nf5 d3 27.
Bc3 Bf4 28. Ne3 Be5 29. g3 Nd4 30. Kg2 Nxf3 31. Kxf3 Bxc3 32. bxc3 b5 33. Nf1
Kf7 34. Ke3 Bc2 35. Kd4 Ke6 36. f4 g5 37. fxg5 fxg5 38. c4 bxc4 39. Kxc4 Kd6
40. Nd2 Ke5 41. Kc3 Kf5 42. h3 h5 43. Nf1 Ke4 44. Nd2+ Ke3 45. h4 g4 46. Nc4+
Kf3 47. Ne5+ Kxg3 48. a4 Kf4 49. Nxd3+ Bxd3 50. Kxd3 g3 51. Ke2 Kg4 52. Kf1
Kxh4 53. Kg2 Kg4 54. Kh1 h4 55. Kg2 h3+ 56. Kf1 c5 57. Kg1 c4 0-1

[Event "LTR/Epernay"]
[Site "?"]
[Date "2008.12.14"]
[Round "3"]
[White "PIERMEE, Emilien"]
[Black "CREPAUX, Jean-Marie"]
[Result "1-0"]
[WhiteElo "2131"]
[BlackElo "2086"]
[PlyCount "47"]
[EventDate "2008.12.16"]
[SourceDate "2008.12.18"]

1. d4 d5 2. Nf3 Nf6 3. c4 c6 4. Nc3 dxc4 5. a4 Bf5 6. Ne5 Nbd7 7. Nxc4 Nb6 8.
Ne5 e6 9. f3 Bd6 10. e4 Nh5 11. exf5 Qh4+ 12. Ke2 Ng3+ 13. hxg3 Qxh1 14. fxe6
fxe6 15. Qb3 Nd5 16. Nxd5 exd5 17. Kf2 O-O 18. Qxb7 Bxe5 19. dxe5 Rfc8 20. e6
Qh5 21. Bf4 d4 22. Re1 Qc5 23. Bd3 Rf8 24. Be5 1-0

[Event "LTR/Epernay"]
[Site "?"]
[Date "2008.12.14"]
[Round "3"]
[White "COLLINET, Laurent"]
[Black "SZYLAR, Eric"]
[Result "0-1"]
[WhiteElo "1850"]
[BlackElo "2086"]
[PlyCount "88"]
[EventDate "2008.12.16"]
[SourceDate "2008.12.18"]

1. c4 Nf6 2. g3 g6 3. Bg2 Bg7 4. Nc3 O-O 5. e4 d6 6. Nge2 c5 7. d3 Nc6 8. O-O
Ne8 9. h3 Nc7 10. Rb1 Ne6 11. a3 a5 12. Kh2 Rb8 13. f4 Ned4 14. Nb5 Bd7 15.
Nbxd4 Nxd4 16. Nxd4 Bxd4 17. Bd2 b5 18. b3 e6 19. Qe2 Qc7 20. Be3 e5 21. Bxd4
cxd4 22. f5 f6 23. Qd2 Kg7 24. Rbc1 Qb6 25. Rb1 bxc4 26. dxc4 Qc5 27. fxg6 hxg6
28. a4 Rh8 29. Qf2 Rbf8 30. Qe2 Qc8 31. h4 g5 32. h5 Bg4 33. Bf3 Rxh5+ 34. Kg1
d3 35. Qxd3 Qc5+ 36. Rf2 Rfh8 37. Bg2 R5h6 38. Rbf1 Rh2 39. Qd5 Qe3 40. Qd2
Qxg3 41. Qxg5+ fxg5 42. Rf7+ Kg6 43. R1f6+ Kh5 44. Rf2 Bf3 0-1

[Event "LTR/Epernay"]
[Site "?"]
[Date "2008.12.14"]
[Round "3"]
[White "LASSALLE, Arnaud"]
[Black "MELIN, Georges"]
[Result "1-0"]
[WhiteElo "2047"]
[BlackElo "1830"]
[PlyCount "69"]
[EventDate "2008.12.16"]
[SourceDate "2008.12.18"]

1. e4 d5 2. exd5 Nf6 3. d4 Nxd5 4. c4 Nf6 5. Nf3 Bg4 6. Be2 e6 7. Nc3 Bd6 8.
O-O c6 9. Ne5 Bxe5 10. dxe5 Qxd1 11. Bxd1 Bxd1 12. exf6 Bc2 13. fxg7 Rg8 14.
Bh6 Bd3 15. Rfd1 Bxc4 16. Ne4 Ke7 17. Bg5+ f6 18. Bxf6+ Kf7 19. Bc3 Bd5 20. Nf6
Rxg7 21. Nxd5 exd5 22. Bxg7 Kxg7 23. Re1 Kf7 24. Re2 Nd7 25. Rae1 Nc5 26. Re7+
Kg6 27. g4 Rf8 28. Kg2 Rf4 29. f3 Rb4 30. b3 h6 31. h4 Rf4 32. h5+ Kf6 33. Rh7
d4 34. Kg3 Nd3 35. Rd1 1-0

[Event "LTR/Epernay"]
[Site "?"]
[Date "2008.12.14"]
[Round "3"]
[White "BARREAUD, Samuel"]
[Black "COLLET, Guillaume"]
[Result "0-1"]
[WhiteElo "1830"]
[BlackElo "1989"]
[PlyCount "46"]
[EventDate "2008.12.16"]
[SourceDate "2008.12.18"]

1. c4 c6 2. Nc3 Nf6 3. d3 d5 4. Bf4 a6 5. a3 b5 6. c5 Nbd7 7. d4 Nh5 8. Bg3
Nxg3 9. hxg3 e5 10. e3 g6 11. b4 a5 12. Be2 Bg7 13. Nf3 O-O 14. Kd2 Re8 15. Kc2
Qf6 16. dxe5 Nxe5 17. Qe1 Nxf3 18. Bxf3 d4 19. Nxb5 Bf5+ 20. e4 cxb5 21. g4 d3+
22. Kd2 Qc3+ 23. Ke3 d2+ 0-1

[Event "LTR/Epernay"]
[Site "?"]
[Date "2008.12.14"]
[Round "3"]
[White "LOUIS, André"]
[Black "SCHELFHOUT-MELIN, Marie"]
[Result "1/2-1/2"]
[WhiteElo "1892"]
[BlackElo "1770"]
[PlyCount "89"]
[EventDate "2008.12.16"]
[SourceDate "2008.12.18"]

1. e4 e5 2. Nf3 Nc6 3. d4 exd4 4. Nxd4 Bc5 5. Be3 Bb6 6. Nxc6 bxc6 7. Qd2 d6 8.
Be2 Nf6 9. f3 O-O 10. O-O Re8 11. c4 Bxe3+ 12. Qxe3 d5 13. Rd1 Qe7 14. Nc3 Bb7
15. Rac1 dxe4 16. f4 Nd7 17. b4 f5 18. c5 Nf6 19. Bc4+ Kf8 20. h3 Rad8 21. Ne2
Nd5 22. Bxd5 cxd5 23. Nd4 c6 24. Nxf5 Qf6 25. Nd4 Ba6 26. Rd2 Bb5 27. g4 Kg8
28. g5 Qf7 29. Rf2 Ra8 30. f5 Rf8 31. Ne6 Rfe8 32. Nd4 Rf8 33. Re1 a5 34. bxa5
Rxa5 35. f6 Qg6 36. Ne6 Rxf6 37. Rxf6 gxf6 38. Qg3 Ra8 39. h4 fxg5 40. Qe5
gxh4+ 41. Kh1 Ra3 42. Qb8+ Kf7 43. Nd8+ Kg7 44. Qc7+ Kg8 45. Qc8 1/2-1/2

[Event "LTR/Epernay"]
[Site "?"]
[Date "2008.12.14"]
[Round "3"]
[White "VEGA, Emmanuel"]
[Black "HALFAOUI, Eddine"]
[Result "1-0"]
[WhiteElo "1670"]
[BlackElo "1867"]
[PlyCount "69"]
[EventDate "2008.12.16"]
[SourceDate "2008.12.18"]

1. e4 e6 2. Nc3 d5 3. exd5 exd5 4. d4 Nf6 5. Bg5 Be7 6. Nf3 Bg4 7. Be2 O-O 8.
O-O c6 9. Ne5 Bxe2 10. Qxe2 Ne4 11. Bxe7 Qxe7 12. Nxe4 dxe4 13. Rae1 Re8 14. f4
Nd7 15. Qc4 Nf6 16. Re3 Qe6 17. Qxe6 Rxe6 18. Rfe1 Rae8 19. g4 Nd5 20. f5 Rxe5
21. dxe5 Nxe3 22. Rxe3 Rxe5 23. Kf2 g5 24. Rb3 b6 25. Ke3 Kf8 26. Ra3 a5 27.
Rc3 Rb5 28. b3 c5 29. Rc4 Ke7 30. Kxe4 Kd6 31. h3 f6 32. a3 h6 33. Kd3 Ke7 34.
Re4+ Kf7 35. Kc4 1-0

[Event "LTR/Epernay"]
[Site "?"]
[Date "2008.12.14"]
[Round "3"]
[White "HACENE, Ahmed"]
[Black "MARCHAL, Ludovic"]
[Result "1-0"]
[WhiteElo "1709"]
[BlackElo "1620"]
[PlyCount "71"]
[EventDate "2008.12.16"]
[SourceDate "2008.12.18"]

1. d4 Nf6 2. Nf3 c5 3. c4 cxd4 4. Nxd4 Nc6 5. Nc3 g6 6. e4 d6 7. f3 Bg7 8. Nxc6
bxc6 9. Be3 O-O 10. Be2 Qa5 11. O-O Rb8 12. Rb1 Be6 13. Qd2 Rfe8 14. b3 c5 15.
Qc2 Nd7 16. Bd2 Bd4+ 17. Kh1 Ne5 18. Nb5 Qb6 19. Nc3 Nc6 20. a3 a6 21. f4 Bg7
22. f5 Nd4 23. Qd1 Bd7 24. Nd5 Qd8 25. Bd3 Bc6 26. b4 cxb4 27. axb4 e6 28. f6
Bf8 29. Bc3 e5 30. Bxd4 exd4 31. Qg4 Bxd5 32. cxd5 Bh6 33. Bxa6 Be3 34. Bd3 Re5
35. h4 h5 36. Qf3 1-0

[Event "Rilly/ENM"]
[Site "?"]
[Date "2008.12.14"]
[Round "3"]
[White "GASIOR, Jerome"]
[Black "HERRMANN, Jean-¨Philippe"]
[Result "1-0"]
[WhiteElo "2123"]
[BlackElo "2228"]
[PlyCount "85"]
[EventDate "2008.12.14"]
[SourceDate "2008.12.14"]

1. e4 c5 2. Nf3 Nc6 3. d4 cxd4 4. Nxd4 g6 5. Nc3 Bg7 6. Be3 Nf6 7. Nb3 O-O 8.
Be2 a5 9. Nd5 Nxd5 10. exd5 a4 11. dxc6 axb3 12. axb3 Rxa1 13. Qxa1 bxc6 14. c3
f5 15. Qa7 e5 16. O-O f4 17. Bc5 d6 18. Bb6 Qg5 19. Kh1 e4 20. Rg1 f3 21. gxf3
Qh5 22. Bd4 Bh6 23. Qc7 exf3 24. Bc4+ d5 25. Qxc6 dxc4 26. Qxc4+ Rf7 27. Qxc8+
Bf8 28. Qe6 Qh4 29. Rg3 Qh6 30. Rxf3 Qc1+ 31. Kg2 Qg5+ 32. Rg3 Qb5 33. h4 Qb7+
34. Kg1 Bg7 35. Bxg7 Kxg7 36. h5 Qa7 37. Rg2 Qa1+ 38. Kh2 Qc1 39. Qe3 Qxb2 40.
h6+ Kf8 41. Qc5+ Ke8 42. f4 Qc1 43. Qc8+ 1-0

[Event "Rilly/ENM"]
[Site "?"]
[Date "2008.12.14"]
[Round "3"]
[White "VIARD, Dominique"]
[Black "BARDOUX, Thierry"]
[Result "1-0"]
[WhiteElo "2040"]
[BlackElo "2160"]
[PlyCount "129"]
[EventDate "2008.12.14"]
[SourceDate "2008.12.14"]

1. Nf3 Nf6 2. g3 d6 3. d4 g6 4. Bg2 Bg7 5. O-O O-O 6. c4 Nc6 7. Nc3 h6 8. Re1
e5 9. dxe5 dxe5 10. Be3 Be6 11. Qa4 Qc8 12. Rad1 Re8 13. Nd5 Nd7 14. b4 Ne7 15.
Nxe7+ Rxe7 16. c5 c6 17. Nd2 Nf6 18. Ne4 Nxe4 19. Bxe4 a6 20. Rd6 Rd7 21. Red1
Qc7 22. a3 Rad8 23. Rxd7 Rxd7 24. Qc2 Qd8 25. Rxd7 Qxd7 26. Qd2 Qxd2 27. Bxd2
Bb3 28. f3 f5 29. Bd3 Kf7 30. e4 Ke6 31. Kf2 h5 32. Bc3 Bh6 33. Bb2 Bg5 34. h4
Be7 35. Bc1 f4 36. Kg2 g5 37. Kh3 Kf6 38. hxg5+ Kxg5 39. gxf4+ exf4 40. Bb2
Be6+ 41. Kh2 Bf6 42. e5 Be7 43. Bd4 Kh6 44. a4 Kg7 45. b5 axb5 46. axb5 Kf7 47.
b6 Bh4 48. Be4 Bc8 49. Kg2 Be1 50. Bd3 h4 51. Bc4+ Be6 52. Ba6 h3+ 53. Kh1 Bg3
54. Bf1 Ke7 55. Bg1 Bf5 56. Ba6 Be6 57. Bxb7 Bd5 58. Bh2 Bxf3+ 59. Kg1 Kd7 60.
e6+ Kd8 61. e7+ Kxe7 62. Bc8 Kd8 63. Bxh3 Bd5 64. Bxg3 fxg3 65. Bg2 1-0

[Event "Rilly/ENM"]
[Site "?"]
[Date "2008.12.14"]
[Round "3"]
[White "MEUNIER, Samuel"]
[Black "ZEROUAL, Mohammed"]
[Result "0-1"]
[WhiteElo "1948"]
[BlackElo "1870"]
[PlyCount "24"]
[EventDate "2008.12.14"]
[SourceDate "2008.12.14"]

1. e4 c5 2. Nf3 Nc6 3. d4 cxd4 4. Nxd4 Nf6 5. Nc3 e6 6. Bg5 Be7 7. Qd2 a6 8.
O-O-O Bb4 9. f3 Qa5 10. Nxc6 bxc6 11. Bc4 Bxc3 12. Qxc3 Qxg5+ 0-1

[Event "Rilly/ENM"]
[Site "?"]
[Date "2008.12.14"]
[Round "3"]
[White "ROBERT-DEHAULT, Etienne"]
[Black "RAULET, Alain"]
[Result "0-1"]
[WhiteElo "1942"]
[BlackElo "1958"]
[PlyCount "44"]
[EventDate "2008.12.14"]
[SourceDate "2008.12.14"]

1. d4 Nf6 2. Nf3 e6 3. c4 b6 4. a3 Bb7 5. Nc3 d5 6. cxd5 exd5 7. Bg5 Be7 8.
Qa4+ Nfd7 9. Bf4 a6 10. e3 O-O 11. Bd3 c5 12. Rd1 Nf6 13. dxc5 bxc5 14. Bb1 Qc8
15. Be5 d4 16. exd4 Qg4 17. Bg3 Bc6 18. Qc2 cxd4 19. Rxd4 Qe6+ 20. Ne2 Bb5 21.
Rd2 Rc8 22. Qf5 Rc1+ 0-1

[Event "Rilly/ENM"]
[Site "?"]
[Date "2008.12.14"]
[Round "3"]
[White "LABROCHE, Jerome"]
[Black "MORET, Florian"]
[Result "0-1"]
[WhiteElo "1797"]
[BlackElo "1900"]
[PlyCount "82"]
[EventDate "2008.12.14"]
[SourceDate "2008.12.14"]

1. e4 e5 2. Nc3 Nc6 3. Bc4 Bc5 4. Qg4 Qf6 5. Nd5 Qxf2+ 6. Kd1 Kf8 7. Nh3 Qd4 8.
d3 d6 9. c3 Bxg4+ 10. Ke1 Qxc4 11. dxc4 Bxh3 12. gxh3 Bb6 13. a4 a5 14. Nxb6
cxb6 15. Ke2 Nf6 16. Kd3 Ke7 17. Be3 Nd7 18. Raf1 Nc5+ 19. Bxc5 bxc5 20. Rf3
Rhf8 21. Rhf1 f6 22. Ke3 h5 23. h4 Ke6 24. Rg1 Rf7 25. Rfg3 Rg8 26. R3g2 Ne7
27. b4 axb4 28. cxb4 cxb4 29. Rb2 Nc6 30. Rbg2 b6 31. Kd3 Nd4 32. Rb1 b3 33.
Kc3 Ra7 34. Kb4 Kf7 35. Rbg1 g6 36. h3 Ra5 37. Rf2 Rga8 38. Rgf1 Rxa4+ 39. Kc3
f5 40. exf5 gxf5 41. Rg2 Rg8 0-1

[Event "Rilly/ENM"]
[Site "?"]
[Date "2008.12.14"]
[Round "3"]
[White "ROUABLE, Denis"]
[Black "BINIAUX, Mickael"]
[Result "0-1"]
[WhiteElo "1830"]
[BlackElo "1650"]
[PlyCount "50"]
[EventDate "2008.12.14"]
[SourceDate "2008.12.14"]

1. d4 d5 2. c4 c6 3. Nc3 Nf6 4. Nf3 Qb6 5. e3 Bg4 6. h3 Bh5 7. c5 Qc7 8. Bd3 e5
9. dxe5 Bxf3 10. Qxf3 Qxe5 11. Na4 Nbd7 12. O-O Ne4 13. Bxe4 dxe4 14. Qd1 Nxc5
15. Nxc5 Bxc5 16. Qb3 Bd6 17. g3 O-O-O 18. Bd2 Qg5 19. Qa4 f5 20. Bc3 Bxg3 21.
fxg3 Qxg3+ 22. Kh1 Qxh3+ 23. Kg1 Qxe3+ 24. Rf2 Rd6 25. Kf1 Rh6 0-1

[Event "Rilly/ENM"]
[Site "?"]
[Date "2008.12.14"]
[Round "3"]
[White "MAIZIERES, Mickael"]
[Black "TALBOT, Remi"]
[Result "0-1"]
[WhiteElo "1499"]
[BlackElo "1830"]
[PlyCount "88"]
[EventDate "2008.12.14"]
[SourceDate "2008.12.14"]

1. c4 Nf6 2. d3 c6 3. Nf3 d5 4. b3 Bf5 5. Bf4 e6 6. Nbd2 Nbd7 7. e3 Nh5 8. Be5
Nxe5 9. Nxe5 Nf6 10. a3 Qc7 11. Ndf3 Bd6 12. d4 Ne4 13. c5 Be7 14. Nd2 Nxd2 15.
Qxd2 h6 16. Bd3 Be4 17. Bxe4 dxe4 18. O-O O-O 19. f4 exf3 20. Rxf3 Bxc5 21. Qf2
Bd6 22. Rf1 Bxe5 23. dxe5 Rad8 24. Qg3 Rd5 25. Qg4 Qxe5 26. Qb4 Qc7 27. Rg3 b6
28. Qc3 f5 29. Rf4 Rd7 30. Rh4 Kh7 31. Rc4 c5 32. b4 Qd6 33. Rf3 Qd1+ 34. Rf1
Qd3 35. bxc5 Qxc3 36. Rxc3 Rc8 37. c6 Rdc7 38. Rfc1 Rd8 39. Kf2 g5 40. Kf3 Kg6
41. h3 e5 42. g3 h5 43. Rb1 Rd2 44. Rh1 e4# 0-1

[Event "Rilly/ENM"]
[Site "?"]
[Date "2008.12.14"]
[Round "3"]
[White "PETEUIL, Camille"]
[Black "MEYER, Caroline"]
[Result "1-0"]
[WhiteElo "1190"]
[BlackElo "1499"]
[PlyCount "67"]
[EventDate "2008.12.14"]
[SourceDate "2008.12.14"]

1. e4 e6 2. d4 Nf6 3. Nc3 d5 4. e5 Nfd7 5. Nf3 Nb6 6. Bd3 c6 7. O-O Be7 8. Be3
O-O 9. Qd2 f5 10. Rfe1 h6 11. a3 N8d7 12. Bf4 Rf7 13. Bxh6 f4 14. Bxf4 Nf8 15.
Ng5 Qe8 16. Nxf7 Qxf7 17. Bg3 g6 18. Qe2 Qh7 19. Qg4 Kg7 20. Bf4 g5 21. Bxh7
Nxh7 22. Bd2 Bd7 23. f4 Rg8 24. fxg5 Kf7 25. h4 Be8 26. Qh5+ Kf8 27. Rf1+ Kg7
28. Qh6+ Kh8 29. Qxe6 Rg7 30. Rf5 Nd7 31. Raf1 Rg6 32. Qxe7 Rg8 33. h5 Nhf8 34.
Qxe8 1-0